Οικολογία εισβολών : ιστορική επισκόπηση, ζητήματα ορολογίας και αντιλήψεων : πτυχιακή εργασία

Αποθηκεύτηκε σε:
Λεπτομέρειες βιβλιογραφικής εγγραφής
Κύριος συγγραφέας: Γιώτη, Νεφέλη
Συγγραφή απο Οργανισμό/Αρχή: Πανεπιστήμιο Αιγαίου. Σχολή Περιβάλλοντος. Τμήμα Περιβάλλοντος
Άλλοι συγγραφείς: Δημητρακόπουλος, Παναγιώτης Γ. (Εισηγητής διατριβής)
Μορφή: Thesis Βιβλίο
Γλώσσα:Greek
Δημοσίευση: 2011
Θέματα:
Διαθέσιμο Online:http://hdl.handle.net/11610/9815
Ετικέτες: Προσθήκη ετικέτας
Δεν υπάρχουν, Καταχωρήστε ετικέτα πρώτοι!

MARC

LEADER 00000cam a2200000 i 4500
001 1/18792
008 120403s2011 gre d
035 |l 10112194 
040 |a GR-MY-UA  |b gre  |e aacr 
041 0 |a gre 
082 0 |a 577.18  |2 (22) 
100 1 |a Γιώτη, Νεφέλη. 
245 1 0 |a Οικολογία εισβολών :  |b ιστορική επισκόπηση, ζητήματα ορολογίας και αντιλήψεων : πτυχιακή εργασία /  |c Γιώτη Νεφέλη ; επιβλέπων καθηγητής: Δημητρακόπουλος Παναγιώτης 
260 |c 2011 
300 |a 67 σ.;  |b εικ.;  |c 30 εκ. 
502 |a Πτυχιακή εργασία – Πανεπιστήμιο Αιγαίου, Λέσβος, 2011. 
504 |a Βιβλιογραφία: σ. 62-67 
650 0 0 |a Biological invasions  |x Environmental aspects. 
650 0 0 |a Biodiversity. 
650 0 0 |a Ecology. 
650 0 0 |a Dissertations, Academic  |z Greece. 
700 1 |4 ths  |a Δημητρακόπουλος, Παναγιώτης Γ. 
710 2 |a Πανεπιστήμιο Αιγαίου.   |b Σχολή Περιβάλλοντος.   |b Τμήμα Περιβάλλοντος. 
852 |a INST  |b LESVOS  |c DIATR  |e 20120403  |h 1383  |p 005100050513  |q 005100050513  |t DIE  |y 23 
852 |a INST  |b LESVOS  |c DIATR  |e 20120403  |h 1384  |p 005100050512  |q 005100050512  |t DIE  |y 23 
856 |u http://hdl.handle.net/11610/9815 
901 |a BIBL1-2012-1 
909 |a Λ  |b 173449 
909 |a Λ  |b 173450 
924 |a ΓΙΩΤΗ  |b ΝΕΦΕΛΗ  |y ΛΕΣΒΟΣ  |z 2011-12 
970 |a ΤΖΑΦΕΡΗ  |b ΕΥΑΓΓΕΛΙΑ  |z 2012/04/03